| 000 | 00603nam a2200217Ia 4500 | ||
|---|---|---|---|
| 003 | OSt | ||
| 005 | 20220928110831.0 | ||
| 006 | a|||||r|||| 00| 0 | ||
| 007 | ta | ||
| 008 | 220927b |||||||| |||| 00| 0 eng d | ||
| 024 | _a64221 | ||
| 037 | _cAnnuals, Advances | ||
| 040 |
_aSDCL _cSDCL _beng |
||
| 041 |
_2eng _aeng |
||
| 082 | _a22.3'N75t, L8 | ||
| 245 | 0 |
_aLibrary Information series No 1 _blibraries'Choice |
|
| 260 |
_aLondon _bHer Majesty's stationery Office _c1978 |
||
| 300 |
_a53p. _ccm. |
||
| 942 |
_h22.3'N75t, L8 _cREF _2CC |
||
| 999 |
_c737074 _d737074 |
||